Financial Management and policy: solutions manual
Guardado en:
| Autor principal: | |
|---|---|
| Formato: | Libro |
| Lenguaje: | inglés |
| Publicado: |
Englewood Cliffs
Prentice-Hall
1983
|
| Edición: | 6a. ed |
| Materias: | |
| Etiquetas: |
Agregar Etiqueta
Sin Etiquetas, Sea el primero en etiquetar este registro!
|
MARC
| LEADER | 00000nam a2200000 a 4500 | ||
|---|---|---|---|
| 001 | UCR9372 | ||
| 003 | CL-VaPUC | ||
| 008 | 980613e19830000us |||||||||||||||||eng|d | ||
| 082 | 0 | 4 | |a 658.15 |b VAN |2 21 |
| 100 | 0 | |a Van Horne, James C |e author |9 411840 | |
| 245 | 1 | 0 | |a Financial Management and policy: solutions manual |
| 250 | |a 6a. ed | ||
| 300 | |a 150 p | ||
| 942 | |c BK | ||
| 945 | |d 19980613 00:00:00 |a crobeson | ||
| 260 | |a Englewood Cliffs |b Prentice-Hall |c 1983 | ||
| 650 | 0 | |a Administración financiera |9 261146 | |
| 650 | 7 | |a POLITICA FINANCIERA |2 CL-VaPUC |9 356280 | |
| 650 | 0 | |a Manuales |9 257144 | |
| 583 | |a last modification |c 20150428 03:18:47 |k Rodrigo Vera | ||
| 999 | |c 270570 |d 270568 | ||